Looted Libraries, Looted Books : The Swedish Case /

Supported by the legal ideas of Hugo Grotius, the Swedish armies exploited opportunities to seize books as spoils of war from conquered enemies to an unparalleled degree in the seventeenth century. They took books from countries such as today's Latvia, Poland, Germany, the Czech Republic and De...

وصف كامل

محفوظ في:

المؤلف الرئيسي: Sjökvist, Peter (مؤلف)

التنسيق: كتاب الكتروني

اللغة: English

منشور في: Leiden ; Boston : Brill, 2025.

سلاسل: Early Modern History and Modern History E-Books Online, Collection 2024.

الموضوعات:

الوصول للمادة أونلاين: Login to view Source

الوسوم: إضافة وسم

لا توجد وسوم, كن أول من يضع وسما على هذه التسجيلة!

رقم الطلب: D410

LEADER 02479nam a22004698i 4500
001 BRILL9789004715851
003 nllekb
005 20250308131545.0
006 m d
007 cr un uuuua
008 240801s2025 gw sb 001 0 eng d
020 |a 9789004715851  |q (electronic book) 
020 |z 9789004715660  |q (print) 
024 7 |a 10.1163/9789004715851  |2 DOI 
040 |a NL-LeKB  |c NL-LeKB  |e rda 
041 |a eng 
050 4 |a D410 
072 7 |a HBLH  |2 bicssc 
072 7 |a HIS  |x 010000  |2 bisacsh 
072 7 |a HIS  |x 037020  |2 bisacsh 
082 0 4 |a 910.82  |2 23 
100 1 |a Sjökvist, Peter,  |e author. 
245 1 0 |a Looted Libraries, Looted Books :  |b The Swedish Case /  |c Peter Sjökvist. 
246 3 |a The Swedish Case 
264 1 |a Leiden ;  |a Boston :  |b Brill,  |c 2025. 
264 4 |c ©2025 
336 |a text  |b txt  |2 rdacontent 
337 |a computer  |b c  |2 rdamedia 
338 |a online resource  |2 rdacarrier 
490 1 |a Early Modern History and Modern History E-Books Online, Collection 2024 
504 |a Includes bibliographical references and index. 
520 |a Supported by the legal ideas of Hugo Grotius, the Swedish armies exploited opportunities to seize books as spoils of war from conquered enemies to an unparalleled degree in the seventeenth century. They took books from countries such as today's Latvia, Poland, Germany, the Czech Republic and Denmark, distributing the goods to recently founded institutions and private manors in their native country. In Looted Libraries, Looted Books - The Swedish Case, Peter Sjökvist gives a summarizing overview of these plunders: from which regions and owners full libraries or selected books were taken during the conflicts, where they subsequently tended to end up when arriving in Sweden, and how they have been received and curated over the years. It is argued that it can be questioned whether large portions of the spoils have served any proper user needs in their new contexts. 
546 |a English 
588 |a Description based on print version record. 
650 0 |a Book History. 
650 0 |a History. 
650 0 |a Literature and Cultural Studies. 
776 0 8 |i Print version:  |t Looted Libraries, Looted Books : The Swedish Case.  |d Leiden ; Boston : Brill, 2025.  |z 9789004715660 
830 0 |a Early Modern History and Modern History E-Books Online, Collection 2024. 
856 4 |z DOI:   |u http://dx.doi.org/10.1163/9789004715851 
942 |2 lcc  |c EBOOK 
999 |c 60201  |d 60201